00476nam a2200157Ia 4500008004100000020001400041082001500055100002400070245005600094250000700150260004500157300002600202500001900228600002100247650005000268240925s9999 xx 000 0 und d a139613277 a003.54 WEL aWells Richard B. 0aApplied Coding and Information Theory for Engineers aNA aNew Jersey:bPrintice- Hall Int.c,1999. ax,852p.bNAfOriginal aIncludes Index aComputer Science aComputer science, information & general works